Fundamentos de la educación a distancia / (Registro nro. 12627)

Detalles MARC
000 -LIDER
fixed length control field 00816nam a2200277 a 4500
001 - NÚMERO DE CONTROL
Identificador de número de control
003 - IDENTIFICACDOR DE NÚMERO DE CONTROL
control field DO-SdBNP
005 - DATE AND TIME OF LATEST TRANSACTION
control field 20220818092332.0
008 - ELEMENTOS DE LONGITUD FIJA
fixed length control field 130412s2013 dr 000 0 spa d
020 ## - ISBN
International Standard Book Number 9789945580082
040 ## - FUENTE DE CATALOGACIÓN
Agencia que crea de manera original el registro DO-SdBNP
Idioma de catalogación spa
Agencia que realiza la transcripción BPMSU
082 ## - NÚMERO DE CLASIFICACIÓN DECIMAL DE DEWEY
Classification number 378.175
Item number A185f 2013
Edition number 22
100 1# - ASIENTO PRINCIPAL -- NOMBRE PERSONAL
Nombre personal Acosta Peralta, Mirian
245 10 - MENCIÓN DE TITULO
Título Fundamentos de la educación a distancia /
Mención de responsabilidad Mirian Acosta Peralta.
250 ## - MENCIÓN DE EDICION
Mención de edición 2a. ed.
260 ## - PUBLICACIÓN, DISTRIBUCIÓN, ETC. (PIE DE IMPRENTA)
Lugar de publicación, distribución, etc Santiago de los Caballeros, República Dominicana :
Nombre del editor, distribuidor, etc. UAPA,
Fecha de publicación, distribución, etc 2013
300 ## - DESCRIPCIÓN FÍSICA
Extensión 328 p. ;
Dimensiones 27 cm.
490 0# - MENCIÓN DE SERIES
Mención de serie Autoaprendizaje
590 ## - NOTA LOCAL
Enlace Inventariado, 2022/VM
650 #4 - ENCABEZAMIENTO DE MATERIA--TEMÁTICO
Término temático o nombre geográfico como elemento de entrada Educación a distancia
650 #4 - ENCABEZAMIENTO DE MATERIA--TEMÁTICO
Término temático o nombre geográfico como elemento de entrada Educación no formal
700 1# - ASIENTO SECUNDARIO -- NOMBRE PERSONAL
Nombre personal Hiraldo Trejo, Reyna,
Mención de responsabilidad colab.
830 #0 - ASIENTO SECUNDARIO DE SERIE--TÍTULO UNIFORME
Título uniforme Autoaprendizaje
910 ## - VALIDACIÓN
Validación VMateo V.
942 ## - ADDED ENTRY ELEMENTS (KOHA)
Source of classification or shelving scheme Dewey Decimal Classification
Koha item type Libros
Existencias
Withdrawn status Lost status Source of classification or shelving scheme Damaged status Not for loan Collection code Home library Current library Date acquired Source of acquisition Serial Enumeration / chronology Total Checkouts Full call number Barcode Date last seen Price effective from Koha item type Copy number
    Dewey Decimal Classification     Colección Dominicana Biblioteca Pública Metropolitana Salomé Ureña Biblioteca Pública Metropolitana Salomé Ureña 10/18/2017 Editora Búho 2021-08-18   BPMSU CD 378.175 A185f 2013 BPMSU17100053 10/18/2017 10/18/2017 Libros  
    Dewey Decimal Classification     Colección Dominicana Biblioteca Pública Metropolitana Salomé Ureña Biblioteca Pública Metropolitana Salomé Ureña 10/18/2017 Editora Búho     BPMSU CD 378.175 A185f 2013 BPMSU22030010 03/07/2022 10/18/2017 Libros e.2
    Dewey Decimal Classification     Colección Dominicana Biblioteca Pública Metropolitana Salomé Ureña Biblioteca Pública Metropolitana Salomé Ureña 10/18/2017 Editora Búho     BPMSU CD 378.175 A185f 2013 BPMSU22030011 03/08/2022 10/18/2017 Libros e.3